000 00263nam a2200109Ia 4500
008 190216s9999||||xx |||||||||||||| ||und||
100 _aPanikkar Km
245 0 _aAswadanavum Vilayiruthalum
260 _bNbs Kottayam
650 _aMalayalam Criticism
942 _cBK
999 _c24586
_d24586